| 000 | 00412 a2200145 4500 | ||
|---|---|---|---|
| 005 | 20250611113722.0 | ||
| 020 | _a0-534-04209-0 | ||
| 082 | _a512.13WEB | ||
| 100 | _aWebber P. Robert | ||
| 245 | _aCollege Algebra And Trigonometry | ||
| 260 |
_a New york _bCole Publishing Company _c1985 |
||
| 300 |
_axiii, 607p ill, table,diagram _bAppendix, Index _c25cm |
||
| 700 | _aBarth Craig, Morse Amy | ||
| 942 |
_2ddc _cBKS |
||
| 999 |
_c3740 _d3740 |
||